000 00408nam a2200157 i 4500
001 58067
003 ES-MaACL
005 20230906163722.0
007 t|
008 031020s1930 fr ||||1| fre d
100 1 _aDupony, Auguste.
_946112
245 1 0 _aCarmen de Merimée /
_cAuguste Dupony.
260 _aParís :
_b[s.n.,
_c1930] (
_fPaillart)
300 _a165 p. ;
_c19 cm.
852 _aES-MaACL
_jA-3053
999 _c58067
_d58067